000 00288nam a22001337a 4500
008 170418b xxu||||| |||| 00| 0 eng d
020 _a9781890957636
041 _aeng
080 _a612.39
100 _a10
101 _aSHM
245 _aTHE FC&A 2003 YEARBOOK
_cFCA
942 _2udc
_cBK
999 _c10888
_d10888